<?xml version="1.0" encoding="UTF-8"?>
<record
    xmlns:xsi="http://www.w3.org/2001/XMLSchema-instance"
    xsi:schemaLocation="http://www.loc.gov/MARC21/slim http://www.loc.gov/standards/marcxml/schema/MARC21slim.xsd"
    xmlns="http://www.loc.gov/MARC21/slim">

  <leader>00309nam a2200097Ia 4500</leader>
  <datafield tag="082" ind1=" " ind2=" ">
    <subfield code="a">333.79968 WINK</subfield>
  </datafield>
  <datafield tag="245" ind1=" " ind2="0">
    <subfield code="a">Cleaner energy, cooler climate : developing sustainable energy solutions for South Africa </subfield>
  </datafield>
  <datafield tag="100" ind1=" " ind2=" ">
    <subfield code="a"> WINKLER, Harald  </subfield>
    <subfield code="9">90275</subfield>
  </datafield>
  <datafield tag="942" ind1=" " ind2=" ">
    <subfield code="c">BK</subfield>
  </datafield>
  <controlfield tag="008">210825s9999    xx            000 0 und d</controlfield>
  <datafield tag="999" ind1=" " ind2=" ">
    <subfield code="c">510571</subfield>
    <subfield code="d">510570</subfield>
  </datafield>
</record>
